|
|
|
|
| LEADER |
00000nam a2200000 a 4500 |
| 001 |
vtls001070233 |
| 003 |
SK-MaSNL |
| 005 |
20260413122118.0 |
| 008 |
251031s1992 xo 0 slo |
| 015 |
|
|
|a SNBA1993/01
|
| 020 |
|
|
|a 8022003557
|
| 035 |
|
|
|a SNK000013064
|
| 040 |
|
|
|a SNK
|b slo
|c SNK
|e AACR2
|
| 041 |
0 |
|
|a slo
|
| 044 |
|
|
|a xo
|c SK
|
| 080 |
|
|
|a 820 (73)-3
|2 1981
|
| 100 |
1 |
|
|a Turow, Scott,
|d 1949-
|4 aut
|9 52830
|
| 240 |
1 |
0 |
|a Presumed Innocent
|l Slovensky
|
| 245 |
1 |
0 |
|a Pre nedostatok dôkazov
|
| 250 |
|
|
|a 1. vyd.
|
| 260 |
|
|
|a Bratislava
|b Slovenský spisovateľ
|c 1992
|
| 300 |
|
|
|a 383 s.
|c 20 cm
|
| 490 |
0 |
|
|a Zelená knižnica
|
| 655 |
|
7 |
|a umelecká literatúra
|2 SNK
|9 60405
|
| 700 |
1 |
|
|a Jusková, Katarína,
|d 1947-
|4 trl
|9 7514
|
| 700 |
1 |
|
|a Sládek, Anton,
|d 1956-
|4 nob
|9 245878
|
| 852 |
|
|
|a Slovenská národná knižnica
|
| 919 |
|
|
|a 80-220-0355-7
|
| 954 |
|
|
|a beletria cudzojazyčná (svetová)
|2 lita
|
| 954 |
|
|
|a romány kriminálne
|
| 958 |
|
|
|a LX
|
| 958 |
|
|
|a UC
|
| 958 |
|
|
|a TL
|
| 958 |
|
|
|a UP
|
| 958 |
|
|
|a NS
|
| 968 |
|
|
|b ENG
|d Z angl. orig.
|
| 999 |
|
|
|c 791213
|d 793143
|
| 952 |
|
|
|t P60, <05>, [BOOK], {605}
|a SNK
|b SNK
|y PREZ
|7 0
|p 17A0164333
|o snkSC 82804 D1
|0 0
|1 0
|4 0
|d 1998-10-19
|l 0
|r 2004-12-31 00:00:00
|w 2026-02-24
|
| 952 |
|
|
|a SNK
|b SNK
|y PREZ
|7 0
|p 17A0995102
|o snkSC 82804
|0 0
|1 0
|4 0
|d 2012-08-14
|l 0
|r 2025-08-20 00:00:00
|w 2026-02-24
|